Loading...
| Literature - American | 0 | 6 | 0 | 0 | 60 | 86 | 113.00 | 1 | 2 | 10.68 | 28.48 |
| Literature - British | 0 | 7 | 2 | 1 | 60 | 54 | 109.29 | 1 | 4 | 16.25 | 36.97 |
| Literature - European | 0 | 6 | 0 | 0 | 60 | 67 | 100.83 | 1 | 4 | 14.58 | 31.21 |
| Fine Arts - Painting and Sculpture | 0 | 5 | 0 | 1 | 50 | 74 | 112.40 | 2 | 3 | 5.90 | 27.27 |
| Philosophy | 0 | 5 | 0 | 1 | 50 | 81 | 105.60 | 0 | 3 | 6.95 | 25.15 |
| Mythology | 0 | 3 | 0 | 0 | 30 | 102 | 106.33 | 0 | 1 | 5.07 | 10.61 |
| Religion | 0 | 3 | 0 | 2 | 30 | 107 | 118.33 | 1 | 2 | 1.83 | 10.61 |
| Literature - World | 0 | 3 | 1 | 0 | 25 | 87 | 108.33 | 0 | 2 | 5.57 | 16.06 |
| Social Science | 0 | 2 | 0 | 0 | 20 | 81 | 88.00 | 1 | 2 | 4.17 | 12.12 |
| Science - Biology | 0 | 2 | 0 | 1 | 20 | 102 | 110.00 | 0 | 0 | 1.03 | 3.03 |
| Science - Physics | 0 | 2 | 0 | 2 | 20 | 106 | 112.50 | 0 | 1 | 0.56 | 7.58 |
| Popular Culture | 0 | 1 | 0 | 0 | 10 | 99 | 99.00 | 0 | 1 | 7.69 | 16.67 |
| Fine Arts - Other | 0 | 1 | 0 | 0 | 10 | 97 | 97.00 | 0 | 0 | 1.62 | 4.55 |
| Fine Arts - Classical Music | 0 | 1 | 0 | 0 | 10 | 126 | 126.00 | 0 | 0 | 0.91 | 3.03 |
| History - World | 0 | 1 | 0 | 1 | 10 | 121 | 121.00 | 0 | 1 | 0.29 | 3.03 |
| History - American | 0 | 1 | 0 | 0 | 10 | 77 | 77.00 | 0 | 0 | 2.78 | 1.82 |
| Science - Chemistry | 0 | 0 | 0 | 0 | 0 | 0.00 | 0 | 0 | 0.00 | 0.00 |